ბათუმის შოთა რუსთაველის სახელმწიფო უნივერსიტეტის ბიბლიოთეკა

Чайный куст и сопутствующие ему культуры (ბიბ.ჩანაწერი № 45852)

000 -LEADER
fixed length control field 00637nam a2200217Ia 4500
001 - CONTROL NUMBER
control field 12681
003 - CONTROL NUMBER IDENTIFIER
control field GE_BSU
008 - FIXED-LENGTH DATA ELEMENTS--GENERAL INFORMATION
fixed length control field 181216s||||||||xx |||||||||||||| ||und||
040 ## - CATALOGING SOURCE
Transcribing agency GE_BSU
080 ## - UNIVERSAL DECIMAL CLASSIFICATION NUMBER
Universal Decimal Classification number 633.72(479.22)
100 ## - MAIN ENTRY--PERSONAL NAME
Personal name Кварацхелия,Т.К.
245 ## - TITLE STATEMENT
Title Чайный куст и сопутствующие ему культуры
245 ## - TITLE STATEMENT
Statement of responsibility, etc. Ред.С.Разыграев
260 ## - PUBLICATION, DISTRIBUTION, ETC.
Place of publication, distribution, etc. М-Л
260 ## - PUBLICATION, DISTRIBUTION, ETC.
Name of publisher, distributor, etc. Госиздат
260 ## - PUBLICATION, DISTRIBUTION, ETC.
Date of publication, distribution, etc. 1934
300 ## - PHYSICAL DESCRIPTION
Extent 271стр.23см.
653 ## - INDEX TERM--UNCONTROLLED
Uncontrolled term Чайный куст и сопутствующие ему культуры
942 ## - ADDED ENTRY ELEMENTS (KOHA)
Koha item type წიგნი
ეგზემპლარები
Withdrawn status Lost status Damaged status Not for loan Date acquired Barcode Date last seen Price effective from Koha item type
        2018-12-17 20937 2018-12-17 2018-12-17 წიგნი